000 00535nam a2200193Ia 4500
003 LDD
008 181029s9999 xx 000 0 und d
020 _a9781846810053
_cP 75.00
040 _cLDD
100 _aMehigan, Janet
245 0 _aMastering the art of calligraphy
_cJanet Mehigan
260 _aLondon
_bAnness
_c2006
300 _a256p.
365 _bP 75.00
901 _a7330
_b09-08-2011
902 _a935
_b10-02-2012
_cF
_dBBS
_eFTF
903 _aDiscount-30
_bReqst by : Lakshaman Prasad
942 _2ddc
_cBK
999 _c102445
_d102445